000 00450nam a2200181Ia 4500
001 11660
005 20260306162844.0
008 260306t2014||||xx |||||||||||||| ||spa||
041 _aESP
082 _a985.92
_bR68
100 _aRivera, Carlos
_eAUT
245 0 _aEusebio Quiroz Paz Soldán:
_bentre Arequipa y la historia
260 _c2014
300 _a190 páginas :
_c21 cm.
650 _aGEN
654 _aCHU
942 _cLIB
_dJUS
_fJUS
_2ddc
_n
999 _c11660
_d11660